Charakterizácia tokajských vín molekulovou absorpčnou spektrometriou v UV/VIS oblasti diplomová práca

Guardado en:
Detalles Bibliográficos
Formato: Libro
Lenguaje:eslovaco
Publicado: Bratislava STU FCHPT 2019
Acceso en línea:Ver en el OPAC
Etiquetas: Agregar Etiqueta
Sin Etiquetas, Sea el primero en etiquetar este registro!

MARC

LEADER 00000nam a2200000 a 4500
005 20260127134000.0
008 190603 2019 xo a 001 0 slo d
035 |a vtls011868880 
039 9 |y 201906031016  |z mschk03 
040 |a STUSCHK1  |b slo  |c STUSCHK1  |e AACR2 
245 1 |a Charakterizácia tokajských vín molekulovou absorpčnou spektrometriou v UV/VIS oblasti  |b diplomová práca  |c Diana Súkeníková 
260 |a Bratislava  |b STU FCHPT  |c 2019 
300 |a 72 s.  |b Obr., tab.  |c 25 cm 
500 |a Študijný program: technická chémia 
500 |a Študijný odbor: chémia, chemické technológie 
500 |a Školiace pracovisko: Ústav analytickej chémie 
500 |a Evid. číslo: FCHPT-104542-93895 
910 |a SCHK95 
999 |c 1434  |d 1434